000 00409nam a22001697a 4500
999 _c8852
_d8852
003 OSt
008 200713b ||||| |||| 00| 0 eng d
020 _a 9788121909167
082 _a660.6 DUT
100 _aDubey , R.C
245 _aText Book of Biotechnology
250 _a2019
260 _aNew Delhi
_bS.Chand & Co.
300 _a602
650 _aPharmaceutical Microbiology/ Biotech
942 _2ddc
_cBK